Statistiques concernant Culture Générale - Série 1817

Cliquez ici pour prendre le quiz!

Statistiques générales

  • Ce quiz a été pris 100 fois
  • Le résultat moyen est 5 sur 10

Statistiques - réponses

QuestionRéponse% Correct
Quelle est la capitale de l’Australie ?Canberra
90%
Quelle est la capitale de la Nouvelle-Zélande ?Wellington
87%
Quel est le prénom de Kate Winslet dans le film "Titanic" de James Cameron ?Rose
79%
Dans quelles aventures retrouve-t-on les personnages de Loïs et Clark ?Superman
73%
De quel pays Naypyidaw est-elle la capitale ?Birmanie
56%
Comment s'appelle ce symbole : "&" ?esperluette
49%
Quel pays était connu autrefois sous le nom de Honduras britannique ?Belize
48%
Quelle capitale actuelle était appelée « Philadelphia » du temps des Romains ?Amman
24%
De quelle comédie musicale font partie les Pink Ladies ?Grease
18%
Quel film, en 1996, a réuni sur les écrans Isabelle Adjani et Sharon Stone ?diabolique
11%

Distribution des résultats

Percentile par nombre de réponses

% des personnes avec chaque résultat

Votre développement - résultats

Vous n’avez pas pris ce quiz